Paroles Aïcha - Khaled - Statistiques

Statistiques générales
  • Ce quiz a été pris 227 fois
  • Le résultat moyen est 147 sur 206
Statistiques - réponses
Réponse % Correct
à
100%
a
100%
Aicha,
99%
Aicha
99%
"Aicha,
99%
de
96%
est
96%
pas
95%
pas.
95%
pas,
95%
Elle
94%
moi
94%
Moi,
94%
moi,
94%
côte
93%
côté
93%
si
93%
un
93%
passée
91%
Reine
91%
reine.
91%
reine
91%
Comme
90%
Je
90%
je
90%
pour
89%
Pour
89%
regard,
89%
tout
87%
toi
86%
toi."
86%
Sans
85%
dit,
83%
J'ai
83%
prends,
83%
t'en
82%
les
81%
Les
81%
Saba.
81%
tu
81%
vas
81%
au
80%
bijoux
79%
j'n'existais
79%
ne
79%
Ma
77%
écoute-moi
74%
écoute-moi.
74%
ton
74%
miel
73%
autour
68%
cou
68%
m'aimes
68%
goût
66%
perles,
66%
et
64%
Et
64%
Aussi,
63%
vie,
63%
bien
61%
des
59%
Des
59%
du
59%
une
59%
belle
58%
regarde-moi
56%
regarde-moi.
56%
tes
56%
fruits,
55%
que
54%
murs
53%
n'existais
53%
J'irai
51%
l'or
51%
nous
51%
ça,
50%
Rien
50%
Voici,
50%
Dans
49%
veux
49%
beau
48%
yeux
48%
trop
46%
n'est
44%
souffle
44%
d'ébène
43%
mène
43%
ciel.
42%
d'ivoire
41%
réponds-moi
41%
réponds-moi.
41%
pays
39%
soleil
39%
mieux
38%
peines
38%
jour.
37%
l'amour."
36%
larmes,
36%
musiques
36%
même
35%
en
34%
Sabbat
34%
vaux
34%
chaque
33%
trésors.
33%
éclairer
32%
or.
32%
poèmes.
32%
J'effacerai
31%
rayons
31%
mots
29%
mêmes
28%
dirai
26%
jouerai
26%
droits
24%
"Garde
24%
respect
23%
Ooh!
21%
sont
20%
Aah!
19%
prendrai
18%
barreaux
16%
barreaux,
16%
Oooh !
12%
Lalala, lalala
2%
Aucun quiz correspondant
Distribution des résultats
% des personnes avec chaque résultat
Percentile par nombre de réponses
Votre historique - résultats
Vous n’avez pas pris ce quiz